مستوى معرفة معلمي الطلبة ذوي صعوبات التعلم بخصائص الطلبة ذوي صعوبات التعلم الموهوبين والاحتياجات التعليمية الخاصة بهم= (Record no. 33308)
[ view plain ]
| 000 -LEADER | |
|---|---|
| fixed length control field | 01162nam a22001817a 4500 |
| 003 - CONTROL NUMBER IDENTIFIER | |
| control field | JO-AjAnu |
| 005 - DATE AND TIME OF LATEST TRANSACTION | |
| control field | 20240605112307.0 |
| 008 - FIXED-LENGTH DATA ELEMENTS--GENERAL INFORMATION | |
| fixed length control field | 240311b jo ||||| |||| 00| 0 ara d |
| 040 ## - CATALOGING SOURCE | |
| Language of cataloging | ara |
| Transcribing agency | anu |
| 100 ## - MAIN ENTRY--PERSONAL NAME | |
| Personal name | محمد أحمد بني عطا |
| Relator term | مؤلف |
| 9 (RLIN) | 65044 |
| 245 ## - TITLE STATEMENT | |
| Title | مستوى معرفة معلمي الطلبة ذوي صعوبات التعلم بخصائص الطلبة ذوي صعوبات التعلم الموهوبين والاحتياجات التعليمية الخاصة بهم= |
| Remainder of title | The Knowledge Level of Teachers Working with Students Who Have Learning Disabilities Including Those Who Exhibit Characterisities of Giftedaness and Their Educational Needs / اعداد محمد احمد بني عطا ؛ اشراف الهام مصطفى القصيرين |
| 260 ## - PUBLICATION, DISTRIBUTION, ETC. | |
| Date of publication, distribution, etc. | 2024 |
| 300 ## - PHYSICAL DESCRIPTION | |
| Extent | 93 ورقه |
| 500 ## - GENERAL NOTE | |
| General note | رسالة ماجستير : جامعة عجلون الوطنية؛ كلية العلوم التربوية تخصص صعوبات التعلم - التربية الخاصة |
| 650 ## - SUBJECT ADDED ENTRY--TOPICAL TERM | |
| Form subdivision | مستوى الطلبة-صعوبات التعلم |
| 700 ## - ADDED ENTRY--PERSONAL NAME | |
| Personal name | الهام مصطفى القصيرين |
| Relator term | مشرف |
| 9 (RLIN) | 64898 |
| 942 ## - ADDED ENTRY ELEMENTS (KOHA) | |
| Source of classification or shelving scheme | Library of Congress Classification |
| Koha item type | Thesis |
| Suppress in OPAC | No |
| Withdrawn status | Lost status | Source of classification or shelving scheme | Damaged status | Not for loan | Home library | Current library | Date acquired | Total Checkouts | Full call number | Barcode | Date last seen | Price effective from | Koha item type |
|---|---|---|---|---|---|---|---|---|---|---|---|---|---|
| Library of Congress Classification | مكتبة جامعة عجلون الوطنية | مكتبة جامعة عجلون الوطنية | 11/03/2024 | LC4704.2024 | a29788 | 11/03/2024 | 11/03/2024 | Books | |||||
| Library of Congress Classification | مكتبة جامعة عجلون الوطنية | مكتبة جامعة عجلون الوطنية | 11/03/2024 | LC4704.2024 | A29789 | 11/03/2024 | 11/03/2024 | Books |